000 00355nam a22001217a 4500
999 _c814
_d814
005 20200818114322.0
008 200818b ||||| |||| 00| 0 eng d
020 _a0333487575
040 _cCML
245 _aAlternative Strategies for Education.
_cBishop, G.
260 _aLondon
_bMacmillan Publishers
_c1989
942 _2ddc
_cBK
_h370.11
_mBIS